Ykkösliigan, Ykkösen ja Kakkosen joukkueet 2025 - Statistics

Yleistilastot
  • Tätä visaa on pelattu 63 kertaa
  • Keskiarvotulos 26 / 52
Vastaustilastot
Paikkakunta Joukkue % Oikein
Lahti FC Lahti
90%
Turku TPS
90%
Pori Jazz
80%
Seinäjoki SJK Akatemia
80%
Jyväskylä JJK
75%
Kokkola KPV
75%
Turku FC Inter 2
70%
Järvenpää JäPS
70%
Kuopio KuPS Akatemia
70%
Oulu OLS
70%
Joensuu Jippo
65%
Rovaniemi RoPS
65%
Raasepori EIF
60%
Espoo FC Honka
60%
Helsinki KäPa
60%
Helsinki Klubi 04
60%
Mikkeli MP
60%
Rauma Pallo-Iirot
60%
Espoo EPS
55%
Salo SalPa
55%
Vaasa VIFK
55%
Vantaa VJS
55%
Helsinki Atlantis
50%
Kauniainen GrIFK
50%
Kouvola MyPa
50%
Nurmijärvi NJS
50%
Tuusula PKKU
50%
Lahti Reipas
50%
Tampere TPV
50%
Kokkola GBK
45%
Pori MuSa
45%
Helsinki PK-35
45%
Tampere Tampere United
45%
Jyväskylä FC Vaajakoski
40%
Hämeenlinna HJS
40%
Tornio TP-47
40%
Helsinki FC Kiffen
35%
Hamina HaPK
35%
Tampere Ilves 2
35%
Pietarsaari JBK
35%
Närpiö Kraft
35%
Lappeenranta PEPO
35%
Helsinki HPS
30%
Helsinki PPJ
30%
Vaasa VPS Akatemia
30%
Kuopio Elo
25%
Oulu Hercules
25%
Jyväskylä JPS
25%
Oulu OsPa
25%
Seinäjoki SJK Akatemia 2
25%
Helsinki Atlantis Akatemia
20%
Helsinki PuiU
15%
Ehtoja vastaavia visoja ei löytynyt
Tulosjakauma
Jokaisen tuloksen saaneiden osuus
Persentiili vastausten määrän mukaan
Tuloshistoriasi
Et ole pelannut tätä visaa